000 00498cam a22001934a 4500
005 20250605164309.0
008 250528s ||||||||||||||||||||||||d
035 _a22418
020 _a9789600105537
040 _aGR-AtMCL
_bgre
_dGR-AtMCL
_eAACR2
245 1 _aΚΟΙΝΩΝΙΟΛΟΓΙΑ ΤΗΣ ΟΙΚΟΝΟΜΙΑΣ
250 _a2
260 _bGutenberg,
_c2002
300 _a281
700 1 _aΦιλιας Ι. Βασιλης
_97743
942 _cBK
999 _c7470
_d7470